000
00188 a2200097 4500
020
_a
9789707704626
041
_a
spa
100
_a
Roncagliolo, Santiago
245
_a
Abril Rojo
942
_c
BK
999
_c
8616
_d
8616